LEADER 01314nam a2200217 i 4500 001 000000026363 003 CaOOAMICUS 005 20230119143342.0 008 180830s1839 it u000 u ita u 040 $aSeMil$bita 100 1 $aZinelli, Federico Maria.$0(OLS)http://semarc/name/11803 245 10$aIntorno allo spirito religioso di Dante Alighieri desunto dalle opere di lui /$cdiscorso dell'abate Federico Maria Zinelli. 260 $aVenezia :$bCoi tipi di Francesco Andreola,$c1839. 300 $a2 v. ;$c15 cm. 490 1 $aCollezione di opere di religione. Classe 2, Il sentimento del genere umano bene compreso conduce alla religione 650 4$aAlighieri, Dante <1265-1321> - Pensiero religioso.$0(OLS)http://semarc/subject/4215 774 0 $aZinelli, Federico Maria$tVol. 1.$kCollezione di opere di religione. Classe 2, Il sentimento del genere umano bene compreso conduce alla religione$g1$w()211322 830 0$aCollezione di opere di religione. Classe 2, Il sentimento del genere umano bene compreso conduce alla religione.$0(OLS)http://semarc/title/35568 996 $6245$aIntorno allo spirito religioso di Dante Alighieri desunto dalle opere di lui$9(OLS)http://semarc/title/35570 996 $6260$aVenezia :$bCoi tipi di Francesco Andreola$9(OLS)http://semarc/publisher/34670 LEADER 00940nam a2200229 i 4500 001 000000116654 003 CaOOAMICUS 005 20030625000000.0 008 030625s1925 it u000 u lat u 013 $a89343 040 $aSeMil$bita 245 10$aConcilii veneti provincialis secundi Anno Domini 1923 celebrati acta et decreta. 260 $aVitelaci Tarvisini :$bEx Typogr. «AER»,$c1925. 300 $a175 p. ;$c25 cm. 500 $aFondo Card. C.M. Martini. 650 4$aConcili provinciali - Veneto.$0(OLS)http://semarc/subject/11790 850 $aSeMil 852 $aSeMil$W1$xVenegono$y1$m2J II 72$j72072$B72072$CSeMilBibl$Z2$F87838 $81 941 1 $a4 961 $aOmaggio: Martini Card. Carlo Maria 996 $6245$aConcilii veneti provincialis secundi Anno Domini 1923 celebrati acta et decreta$9(OLS)http://semarc/title/171068 996 $6260$aVitelaci Tarvisini :$bEx Typogr. «AER»$9(OLS)http://semarc/publisher/45589